Statistics for First Products of Major Companies

Click here to take the quiz!

General Stats

  • This quiz has been taken 34 times
  • The average score is 11 of 16

Answer Stats

First ProductNow Known ForAnswer% Correct
Online marketplace for booksE-Commerce, digital streaming, delivery by drone.Amazon
94%
Personal ComputerPhones, pads, pods, watches, etc.Apple
94%
Wooden toysColorful, interlocking, plastic bricks.Lego
94%
A Pulp Mill used to make paperCell phones from the early 2000s that were nearly indestructible.Nokia
94%
Automatic loomsCamry, Corolla, Tundra, Prius.Toyota
94%
DVDs by mailStreaming services.Netflix
75%
Books door-to-doorBeauty and personal care products. Traditionally sold door-to-door by a lady.Avon
72%
Brad's DrinkCarbonated Soft Drinks.Pepsi
72%
Soap and Baking PowderChewing Gum (and a Chicago baseball field).Wrigley
69%
Photographic paper and equipmentcopy machines.Xerox
69%
Soap and candlestoothpaste, and being linked with Palmolive.Colgate-Palmolive
66%
Shovels, pitchforks, miscellaneous repairsGreen tractors and other farm equipment.John Deere
63%
Mining corundumPost-It Notes, tape, industrial, and worker safety products.3M
47%
Stationery and fancy goodsLuxury jewelry of diamond and Stirling Silver.Tiffany and Co.
38%
Textile remnantsTransformers, G.I. Joe's, Power Rangers toys.Hasbro
28%
Refrigeration technologyDefense contracts for missiles and other weapons.Raytheon
3%

Score Distribution

Percentile by Number Answered

Percent of People with Each Score

Your Score History

You have not taken this quiz